000 00702nam a22002177a 4500
005 20251108164235.0
008 250721s1989 xx 000 0 ara d
082 1 4 _a327.5694073/روب
100 1 _aروبينبرغ، تشيريل ايه
245 1 0 _aإسرائيل و مصلحة أمريكا القومية /
264 1 _aعمان :
_bدار الكرمل - صامد،
_c1989.
300 _a340ص
490 0 _aكتاب صامد ؛ 12
650 1 7 _aإسرائيل
650 1 7 _aالعلاقات الدولية
650 1 7 _aالولايات المتحدة
700 1 _aمطر، هنري
_eترجمة
700 1 _aبرهوم، محمود
_eترجمة
942 _2ddc
_cBK
999 _c7197
_d7197